000 01497cam a2200181 4500500
005 20251228095111.0
041 _afre
042 _adc
100 1 0 _aRojtman, Betty
_eauthor
245 0 0 _a« Car nul ne peut me voir et vivre » (Exode, 33, 20)
260 _c2020.
500 _a27
520 _aLa défense faite à Israël d’approcher le divin, thème récurrent de la Bible juive, semble imposer l’idée d’un invisible radical et sacré. En regard de cette lecture, le Midrash et surtout la Kabbale nous proposent une interprétation à la fois éthique et dynamique du rapport flottant entre le visible et l’invisible.
520 _aAs a recurring theme in the Jewish Bible, the injunction for Israel not to come close to the divine seems to impose a notion of radical and sacred invisibility. Yet the Midrash and more particularly the Kabbalah offer an ethical and dynamic reading of the shifting relation between the visible and the invisible.
520 _aA proibição de se aproximar do divino, imposta ao povo de Israel, é um tema bíblico recorrente no qual perpassa uma conceção radical e sagrada da invisibilidade. Nesta perspetiva, o Midrash e principalmente a Cabala, oferecem-nos uma interpretação ao mesmo tempo ética e dinâmica da relação flutuante entre o visível e o invisível.
786 0 _nSigila | 45 | 1 | 2020-05-14 | p. 131-142 | 1286-1715
856 4 1 _uhttps://shs.cairn.info/revue-sigila-2020-1-page-131?lang=fr&redirect-ssocas=7080
999 _c1605563
_d1605563